International trade.

Bibliographic Details
Main Author: Taussig, F. W. (Frank William), 1859-1940
Format: Book
Language:English
Published: New York : A.M. Kelley, 1966.
Series:Reprints of economic classics
Subjects:

MARC

Tag First Indicator Second Indicator Subfields
LEADER 00000cam a2200000 4500
001 in00000077533
005 20151008052757.0
008 720211r19661927nyu 00000 eng u
010 |a  66019696  
035 |a (OCoLC)00239545 
035 |9 AAH4830AM 
040 |c WSU  |d TXA  |d UtOrBLW 
049 |a TXAM  |c [421636] 
050 0 |a HF1007  |b .T25 1966 
092 |a 380.1  |b T228i, 1966 
100 1 |a Taussig, F. W.  |q (Frank William),  |d 1859-1940. 
245 1 0 |a International trade. 
264 1 |a New York :  |b A.M. Kelley,  |c 1966. 
300 |a 425 pages 
336 |a text  |b txt  |2 rdacontent 
337 |a unmediated  |b n  |2 rdamedia 
338 |a volume  |b nc  |2 rdacarrier 
490 0 |a Reprints of economic classics 
650 0 |a Commerce. 
650 0 |a Foreign exchange. 
999 |a MARS 
999 f f |s 36f7ed34-9652-3b96-a611-a9de78e36125  |i 09f77181-a6d3-35a0-b56c-23b9c495b1b1  |t 0 
952 f f |p ric  |a Texas A&M University  |b Rellis Campus  |c Joint Library Facility  |d Remote Storage  |t 0  |e HF1007 .T25 1966  |h Library of Congress classification  |i unmediated -- volume  |m A14800871717 
998 f f |a HF1007 .T25 1966  |t 0  |l Remote Storage